Capitol Cities of Countries in North America - Statistics

General Stats
  • This quiz has been taken 121 times
  • The average score is 10 of 23
Answer Stats
Hint Answer % Correct
United States of America Washington D.C.
100%
Mexico Mexico City
89%
Canada Ottawa
84%
Panama Panama City
65%
Cuba Havana
61%
Guatemala Guatemala
55%
Jamaica Kingston
55%
St. Vincent & the Grenadines Kingstown
55%
El Salvador San Salvador
48%
Bahamas Nassau
42%
Haiti Port-au-Prince
40%
Costa Rica San Jose
40%
Dominican Republic Santo Domingo
34%
Nicaragua Managua
32%
Trinidad & Tobago Port of Spain
32%
Belize Belmopan
27%
Antigua and Barbuda St. John's
27%
Barbados Bridgetown
26%
Grenada St. George's
24%
Honduras Tegucigalpa
24%
St. Lucia Castries
21%
Dominica Roseau
18%
St. Kitts and Nevis Basseterre
16%
No matching quizzes found
Score Distribution
Percent of People with Each Score
Percentile by Number Answered
Your Score History
You have not taken this quiz